Maximilien et Charlotte du Mexique
Gespeichert in:
| 1. Verfasser: | |
|---|---|
| Format: | Buch |
| Sprache: | Französisch |
| Veröffentlicht: |
París
Plon
1927
|
| Schlagworte: | |
| Tags: |
Tag hinzufügen
Keine Tags, Fügen Sie den ersten Tag hinzu!
|
MARC
| LEADER | 00000nam a2200000 a 4500 | ||
|---|---|---|---|
| 001 | UCO0700 | ||
| 003 | CL-VaPUC | ||
| 008 | 000428e19270000FR |||||||||||||||||fre|d | ||
| 082 | 0 | 4 | |a 972.07 |b COM |2 21 |
| 100 | |a Comte Corti, Egon César |e author |9 442118 | ||
| 245 | 1 | 0 | |a Maximilien et Charlotte du Mexique |
| 300 | |a v | ||
| 942 | |c BK | ||
| 945 | |d 20000428 00:00:00 |a crobeson | ||
| 260 | |a París |b Plon |c 1927 | ||
| 500 | |a v.1: 1860-1865 | ||
| 500 | |a v.2: 1865-1867 | ||
| 650 | 7 | |a HISTORIA MEXICANA |2 CL-VaPUC |9 333909 | |
| 650 | 7 | |a INTERVENCION |2 CL-VaPUC |9 391153 | |
| 651 | 0 | |a México |9 255269 | |
| 651 | 0 | |a Francia |9 255157 | |
| 583 | |a last modification |c 20000428 00:00:00 |k Rodrigo Vera | ||
| 999 | |c 287348 |d 287346 | ||
| 952 | |0 0 |1 0 |4 0 |6 972_070000000000000_COM_1927 |7 0 |8 X |9 334179 |a BIBHIS |b BIBHIS |d 2019-11-20 |h v.1 |i 1271857 |o 972.07 COM 1927 |p 1271857 |r 2024-01-30 |w 2019-11-20 |y BK_X |k HIS | ||
| 952 | |0 0 |1 0 |4 0 |6 972_070000000000000_COM_1927 |7 0 |8 X |9 334180 |a BIBHIS |b BIBHIS |d 2019-11-20 |h v.2 |i 1271865 |o 972.07 COM 1927 |p 1271865 |r 2024-01-30 |w 2019-11-20 |y BK_X |k HIS | ||